| Registos Bibliográficos associados ao registo de autoridade |
|
Etiqueta de registo: 00230nam 2200025 450 001 1761643 003 http://id.bnportugal.gov.pt/bib/catbnp/1761643 010 ## $a978-972-8940-03-4 021 ## $aPT$b292475/09 100 ## $a20101104d2009 m d0pory0103 ba 101 0# $apor 102 ## $aPT 105 ## $aa z 000yy 106 ## $ar 200 1# $aTeatro cinema de Fafe$ememória para o futuro$fArtur Ferreira Coimbra$gtextos António Guedes, Gonçalo Louro$gfot. Manuel Meira Correia... [et al.] 210 #9 $aFafe$cCâmara Municipal,$dD.L. 2009 215 ## $a127 p. a 2 colns$cmuito il.$d29 cm 304 ## $aBibliografia, p. 125 675 ## $a791/792(469.112)"1924/2009"$vBN$zpor$31454710 675 ## $a725.82(469.112)"1924/2009"$vBN$zpor$31454707 700 #1 $aCoimbra,$bArtur Ferreira,$f1956-$31011712 701 #1 $aGuedes,$bAntónio$4070$31440397 701 #1 $aLouro,$bGonçalo$4070$31440400 702 #1 $aCorreia,$bManuel Meira$4600$31257932 801 #0 $aPT$bBN$gRPC 900 ## $aBIBNAC$d20110329 966 ## $lBN$mFGMON$sB.A. 32494 V.$x1 966 ## $lBN$mFGMON$sB.A. 32494 V.-D$x1
Etiqueta de registo: 00254nam 2200025 450 001 2271073 003 http://id.bnportugal.gov.pt/bib/catbnp/2271073 010 ## $a978-972-8940-11-9 021 ## $aPT$b558290/25 100 ## $a20260224d2025 m d0pory01030103ba 101 0# $apor 102 ## $aPT 105 ## $aa z 000yy 106 ## $ar 200 1# $aTeatro Cinema de Fafe$e100 anos de memórias, 100 anos de história$fArtur Ferreira Coimbra$gtextos Artur Ferreira Coimbra, António Guedes, Gonçalo Louro$gfot. Manuel Meira Correia... [et al.] 210 #9 $aFafe$cCâmara Municipal de Fafe,$d2025 215 ## $a157 p.$cil.$d29 cm 675 ## $a791/792(469.112)"1924/2024"(091)$vBN$zpor$31987459 675 ## $a725.82(469.112)"1924/2024"(091)$vBN$zpor$31987460 700 #1 $aCoimbra,$bArtur Ferreira,$f1956-$31011712 701 #1 $aLouro,$bGonçalo$4070$31440400 701 #1 $aGuedes,$bAntónio$4070$31440397 702 #1 $aCorreia,$bManuel Meira$4600$31257932 801 #0 $aPT$bBN$gRPC 856 41 $uhttp://rnod.bnportugal.gov.pt/ImagesBN/winlibimg.aspx?skey=&doc=2271073&img=219620&save=true 900 ## $aBIBNAC$d20260312 966 ## $lBN$mFGMON$sB.A. 53288 V.$x1 966 ## $lBN$mFGMON$sB.A. 53288 V.-D$x1 971 ## $corlando$d20260224 972 ## $e0$z0$d20260312$vasantos 973 ## $csteixeira$d20260225 975 ## $e0$d20260316$viquintas
|
|
|